000
00356nam a2200133Ia 4500
008
151001s9999||||xx |||||||||||||| ||und||
100
_a
वा शि आपटे
245
_a
तुझं काही माझ काही
250
_a
1
260
_b
भारतीय ग्रंथ भवन
260
_c
1964
300
_a
180
365
_b
7
999
_c
953505
_d
953502